000 00778nam a2200229 i 4500
001 6605
003 ES-MaACL
005 20250427062955.0
007 t|
008 900118s1981 gw ||||1| fre d
020 _a3-487-07041-3
080 _a008(100)
080 _a32:92 Condorcet
100 1 _aCondorcet, Jean Antoine Nicolas de Caritat,
_cmarquis de,
_d1743-1794
_9240091
245 1 0 _aEsquisse d'un tableau historique des progres de l'esprit humain /
_cMarie Jean Antoine Nicolas Caritat de Condorcet.
260 _aHildesheim :
_bGeorg Olms,
_c1981.
300 _a364 p. ;
_c20 cm.
500 _aReprod. facs. de la ed. de 1795.
650 1 4 _aCivilización-
_xHistoria
_911082
852 _aES-MaACL
_jL-13712
_bR.117413
_z. - rust.
999 _c6605
_d6605